[Event "Himmerlandsturneringen 2025 Master"]
[Site "Stovring"]
[Date "2025.04.28"]
[Round "1"]
[White "Gudmarsson, Olafur Hlynur"]
[Black "Jorgensen, Jorgen"]
[Result "1-0"]
[WhiteElo "1864"]
[BlackElo "2135"]
[WhiteFideId "2311550"]
[BlackFideId "1402820"]
[EventDate "2025.04.28"]
[EventType "tourn"]
[EventRounds "7"]
[EventCountry "DEN"]
[SourceTitle "Skorping Skakklub"]

1. d4 f5 2. Bf4 Nf6 3. e3 d6 4. Bg5 Nbd7 5. Bd3 g6 6. Nd2 Bg7 7. c3 h6 8. Bh4 e5 9. Qb3 Qe7 10. Bxf6 Bxf6 11. O-O-O a5 12. dxe5 Nc5 13. Qc2 Nxd3+ 14. Qxd3 dxe5 15. e4 Be6 16. Ngf3 O-O 17. g3 Qc5 18. exf5 gxf5 19. Qe3 Qxe3 20. fxe3 Bxa2 21. e4 fxe4 22. Nxe4 Bg7 23. Nh4 Rfd8 24. Nf5 b6 25. g4 Bb3 26. Rxd8+ Rxd8 27. Re1 Be6 28. Neg3 Bxf5 29. Nxf5 Bf6 30. h4 Kh7 31. Kc2 Kg6 32. Rf1 Rd7 33. h5+ Kg5 34. Nxh6 Bg7 35. Nf7+ Kxg4 36. Rg1+ Kxh5 37. Rxg7 Rd5 38. Rg5+ Kh4 39. Rxe5 Rd7 40. Rf5 Kg3 41. Rf6 Re7 42. Nd8 Rd7 43. Nf7 Re7 44. Nh6 Kg2 45. Ng4 Kg3 46. Nh6 Kg2 47. Nf5 Rd7 48. Nd4 Kg3 49. Rc6 Kg4 50. Nb5 a4 51. Nxc7 Kf3 52. Nb5 Rh7 53. Rxb6 Rh2+ 54. Kb1 Ke4 55. Na3 1-0

[Event "Himmerlandsturneringen 2025 Master"]
[Site "Stovring"]
[Date "2025.04.28"]
[Round "1"]
[White "Struijk, Johannes"]
[Black "Christiansen, Jens Jorgen"]
[Result "1/2-1/2"]
[WhiteElo "1957"]
[BlackElo "2072"]
[WhiteFideId "1408275"]
[BlackFideId "1401670"]
[EventDate "2025.04.28"]
[EventType "tourn"]
[EventRounds "7"]
[EventCountry "DEN"]
[SourceTitle "Skorping Skakklub"]

1. e4 e5 2. Nf3 Nf6 3. Nxe5 d6 4. Nf3 Nxe4 5. d4 d5 6. Bd3 Bd6 7. O-O O-O 8. c4 c6 9. Re1 Re8 10. Nbd2 Bf5 11. c5 Bc7 12. Qc2 Nxd2 13. Rxe8+ Qxe8 14. Bxd2 Bxd3 15. Qxd3 Nd7 16. Re1 Qf8 17. Qf5 Nf6 18. Bf4 Bxf4 19. Qxf4 Qd8 1/2-1/2

[Event "Himmerlandsturneringen 2025 Master"]
[Site "Stovring"]
[Date "2025.04.28"]
[Round "1"]
[White "Gronhoj, Benny"]
[Black "Mikkelsen, Peter Jorgen Dam"]
[Result "1-0"]
[WhiteElo "1963"]
[BlackElo "2097"]
[WhiteFideId "1404245"]
[BlackFideId "1439847"]
[EventDate "2025.04.28"]
[EventType "tourn"]
[EventRounds "7"]
[EventCountry "DEN"]
[SourceTitle "Skorping Skakklub"]

1. e4 c6 2. d4 d5 3. Nc3 dxe4 4. Nxe4 Nf6 5. Nxf6+ exf6 6. Nf3 Bd6 7. g3 O-O 8. Bg2 Qb6 9. O-O Be6 10. b3 a5 11. c4 c5 12. Be3 Na6 13. d5 Bg4 14. a3 Rfe8 15. Qc2 Qc7 16. Rfe1 Qd7 17. Qd2 Qc7 18. Qd3 Rad8 19. Bd2 Rxe1+ 20. Rxe1 b6 21. Bc3 Nb8 22. Nd2 Qd7 23. Ne4 Be5 24. Bxe5 fxe5 25. Ng5 Bf5 26. Be4 Bg6 27. Bxg6 hxg6 28. Nf3 Nc6 29. Nxe5 Nxe5 30. Rxe5 a4 31. Re1 axb3 32. Qxb3 Re8 33. Rxe8+ Qxe8 34. Qe3 Qa4 35. Qd3 Kf8 36. Kg2 Ke7 37. Qe4+ Kd7 38. Qg4+ Ke7 39. Qf4 Qc2 40. Qc7+ Kf6 41. Qd6+ Kg5 42. Qf4+ Kh5 43. Qh4# 1-0

[Event "Himmerlandsturneringen 2025 Master"]
[Site "Stovring"]
[Date "2025.04.30"]
[Round "2"]
[White "Gudmarsson, Olafur Hlynur"]
[Black "Struijk, Johannes"]
[Result "0-1"]
[WhiteElo "1864"]
[BlackElo "1957"]
[WhiteFideId "2311550"]
[BlackFideId "1408275"]
[EventDate "2025.04.28"]
[EventType "tourn"]
[EventRounds "7"]
[EventCountry "DEN"]
[SourceTitle "Skorping Skakklub"]

1. d4 c5 2. Nf3 Nf6 3. Bg5 cxd4 4. Bxf6 gxf6 5. Nxd4 d5 6. e3 a6 7. c4 e5 8. Nb3 Be6 9. cxd5 Qxd5 10. Qc2 Nc6 11. Nc3 Nb4 12. Qe2 Qc6 13. Rc1 Nxa2 14. Nxa2 Qa4 15. Nc3 Qxb3 16. g3 Bb4 17. Bg2 Bc4 18. Qg4 Qxb2 19. Qxc4 Qxc1+ 20. Ke2 Qxc3 21. Qh4 Qc2+ 22. Kf3 Qf5+ 23. Ke2 a5 24. Bxb7 Rd8 25. f4 exf4 26. gxf4 Qb5+ 0-1

[Event "Himmerlandsturneringen 2025 Master"]
[Site "Stovring"]
[Date "2025.04.30"]
[Round "2"]
[White "Christiansen, Jens Jorgen"]
[Black "Andersen, Frank"]
[Result "1-0"]
[WhiteElo "2072"]
[BlackElo "2145"]
[WhiteFideId "1401670"]
[BlackFideId "1403265"]
[EventDate "2025.04.28"]
[EventType "tourn"]
[EventRounds "7"]
[EventCountry "DEN"]
[SourceTitle "Skorping Skakklub"]

1. b3 e5 2. Bb2 Nc6 3. e3 Nge7 4. g3 g6 5. d4 exd4 6. Bxd4 Nxd4 7. Qxd4 Rg8 8. c3 Bg7 9. Qd3 d5 10. Bh3 Bxh3 11. Nxh3 Qd7 12. Nf4 O-O-O 13. Nd2 Qc6 1-0

[Event "Himmerlandsturneringen 2025 Master"]
[Site "Stovring"]
[Date "2025.04.30"]
[Round "2"]
[White "Andersen, Aage Kristian"]
[Black "Gronhoj, Benny"]
[Result "0-1"]
[WhiteElo "1871"]
[BlackElo "1963"]
[WhiteFideId "1440799"]
[BlackFideId "1404245"]
[EventDate "2025.04.28"]
[EventType "tourn"]
[EventRounds "7"]
[EventCountry "DEN"]
[SourceTitle "Skorping Skakklub"]

1. d4 Nf6 2. c4 e5 3. dxe5 Ng4 4. e6 fxe6 5. e4 Nf6 6. Bd3 e5 7. Nf3 Bb4+ 8. Nbd2 Nc6 9. O-O O-O 10. a3 Be7 11. b4 d6 12. Bb2 Qe8 13. Nb3 Nh5 14. c5 Be6 15. cxd6 cxd6 16. Rc1 Nf4 17. Bc4 Nd8 18. Bxe6+ Ndxe6 19. g3 Qg6 20. Kh1 Nh3 21. Nbd2 Neg5 22. Nh4 Qe6 23. Nf5 Bd8 24. Nc4 Nxe4 25. Qe2 Nhxf2+ 26. Rxf2 Nxf2+ 27. Qxf2 Rxf5 0-1

[Event "Himmerlandsturneringen 2025 Master"]
[Site "Stovring"]
[Date "2025.05.05"]
[Round "3"]
[White "Andersen, Frank"]
[Black "Gudmarsson, Olafur Hlynur"]
[Result "1-0"]
[WhiteElo "2145"]
[BlackElo "1864"]
[WhiteFideId "1403265"]
[BlackFideId "2311550"]
[EventDate "2025.04.28"]
[EventType "tourn"]
[EventRounds "7"]
[EventCountry "DEN"]
[SourceTitle "Skorping Skakklub"]

1. d4 e6 2. c4 c5 3. d5 exd5 4. cxd5 d6 5. Nc3 Be7 6. Nf3 Bf6 7. Bf4 Ne7 8. e4 Ng6 9. Bg3 O-O 10. a4 Bg4 11. Be2 Re8 12. Nd2 Bxe2 13. Qxe2 Bxc3 14. bxc3 f5 15. f3 f4 16. Bf2 Nd7 17. O-O Nde5 18. a5 a6 19. Rfb1 Qc7 20. g4 Nf7 21. h4 h6 22. Kg2 Ne7 23. c4 Rab8 24. Rb6 Nc8 25. Rb3 b5 26. cxb5 axb5 27. Rxb5 Na7 28. Rxb8 Rxb8 29. Nc4 Rb5 30. Be1 Qb8 31. Bc3 Rb3 32. Qc2 Qb5 33. Ra3 Rxa3 34. Nxa3 Qa6 35. Kf2 Nb5 36. Qd3 c4 37. Nxc4 Nxc3 38. Qxc3 Qc8 39. Qd4 Qd8 40. a6 Qxh4+ 41. Ke2 Ne5 42. Nxe5 dxe5 43. Qxe5 Qh2+ 44. Kd3 Qg3 45. Qb8+ Kh7 46. a7 Qxf3+ 47. Kd4 Qe3+ 48. Ke5 f3 49. a8=Q Qc3+ 50. Kf4 Qd2+ 51. Kxf3 Qd3+ 52. Kf4 Qf1+ 53. Ke3 Qg1+ 54. Kd3 Qf1+ 55. Kd4 Qf2+ 56. Kc4 Qe2+ 57. Kc5 Qe3+ 58. Kc6 Qc3+ 59. Kd7 Qf6 60. Qg8+ Kg6 61. Qae8+ Kg5 62. Qe7 1-0

[Event "Himmerlandsturneringen 2025 Master"]
[Site "Stovring"]
[Date "2025.05.05"]
[Round "3"]
[White "Struijk, Johannes"]
[Black "Jorgensen, Jorgen"]
[Result "0-1"]
[WhiteElo "1957"]
[BlackElo "2135"]
[WhiteFideId "1408275"]
[BlackFideId "1402820"]
[EventDate "2025.04.28"]
[EventType "tourn"]
[EventRounds "7"]
[EventCountry "DEN"]
[SourceTitle "Skorping Skakklub"]

1. e4 Nf6 2. e5 Nd5 3. d4 d6 4. c4 Nb6 5. exd6 exd6 6. Nc3 Be7 7. Be3 O-O 8. Nf3 Bg4 9. b3 Nc6 10. Bd3 Bf6 11. h3 Bxf3 12. gxf3 Nxd4 13. Bxd4 Bxd4 14. Bxh7+ Kxh7 15. Qxd4 Re8+ 16. Kf1 Re6 17. Rg1 Qf6 18. Qxf6 Rxf6 19. Kg2 Re8 20. Rae1 Rfe6 21. Rxe6 Rxe6 22. f4 c6 23. Rd1 Kg6 24. Kf3 Kf5 25. Ne2 Rh6 26. Ng3+ Ke6 27. f5+ Ke7 28. Kg4 Nd7 29. Ne4 Nf6+ 30. Nxf6 Rxf6 31. Kg5 Rh6 32. h4 f6+ 33. Kg4 Rh8 34. Re1+ Kf7 35. Rd1 Rd8 36. Rd2 a5 37. a4 d5 38. cxd5 cxd5 39. Rd4 Ke7 40. Kh5 Rh8+ 41. Kg4 Kd6 42. f4 Kc5 43. Rd3 d4 44. Kf3 Rxh4 45. Ke4 Rh1 46. Rg3 Re1+ 0-1

[Event "Himmerlandsturneringen 2025 Master"]
[Site "Stovring"]
[Date "2025.05.05"]
[Round "3"]
[White "Gronhoj, Benny"]
[Black "Christiansen, Jens Jorgen"]
[Result "1-0"]
[WhiteElo "1963"]
[BlackElo "2072"]
[WhiteFideId "1404245"]
[BlackFideId "1401670"]
[EventDate "2025.04.28"]
[EventType "tourn"]
[EventRounds "7"]
[EventCountry "DEN"]
[SourceTitle "Skorping Skakklub"]

1. e4 e5 2. Nf3 Nf6 3. Nxe5 d6 4. Nc4 Nxe4 5. d4 Be7 6. Bd3 Nf6 7. O-O Nc6 8. c3 O-O 9. Nbd2 Bg4 10. Qc2 Re8 11. Ne3 Bd7 12. Ne4 Nxe4 13. Bxe4 h6 14. Nd5 Bf8 15. Bd2 Be6 16. Nxc7 Qxc7 17. d5 f5 18. dxe6 fxe4 19. Qxe4 d5 20. Qf5 Qe7 21. Rae1 Rad8 22. Re3 Qf6 23. Qh3 Bc5 24. Re2 Ne7 25. Kh1 Ng6 26. f4 d4 27. f5 Nf8 28. Rf3 dxc3 29. bxc3 Nh7 30. Rd3 Ng5 31. Rxd8 Rxd8 32. Qg4 Be7 33. h4 Nh7 34. g3 Rd5 35. Rf2 Nf8 36. Qf3 Rb5 37. Qd3 Rb6 38. Be3 Rd6 39. Bd4 Qe5 40. Kh2 Nh7 41. Qf3 Qd5 42. Qg4 Nf6 43. Qg6 Nh5 44. Qxh5 1-0

[Event "Himmerlandsturneringen 2025 Master"]
[Site "Stovring"]
[Date "2025.05.05"]
[Round "3"]
[White "Mikkelsen, Peter Jorgen Dam"]
[Black "Andersen, Aage Kristian"]
[Result "1-0"]
[WhiteElo "2097"]
[BlackElo "1871"]
[WhiteFideId "1439847"]
[BlackFideId "1440799"]
[EventDate "2025.04.28"]
[EventType "tourn"]
[EventRounds "7"]
[EventCountry "DEN"]
[SourceTitle "Skorping Skakklub"]

1. d4 d5 2. Nf3 Nf6 3. c4 e6 4. g3 Be7 5. Bg2 O-O 6. O-O c5 7. cxd5 exd5 8. Nc3 Nc6 9. Bg5 cxd4 10. Nxd4 Be6 11. Qa4 Qd7 12. Nxe6 fxe6 13. Rad1 Qe8 14. e4 d4 15. Ne2 e5 16. Bxf6 Rxf6 17. f4 Qh5 18. Qc4+ Kh8 19. fxe5 Rh6 20. h3 Qg5 21. Rf5 Qe3+ 22. Kh2 Rd8 23. Nf4 g6 24. Nd5 Rxh3+ 25. Bxh3 Qxe4 26. Nxe7 gxf5 27. Nxc6 bxc6 28. Qd3 Qe3 29. Qxe3 dxe3 30. Rxd8+ Kg7 31. Rd1 1-0

[Event "Himmerlandsturneringen 2025 Master"]
[Site "Stovring"]
[Date "2025.05.12"]
[Round "4"]
[White "Gudmarsson, Olafur Hlynur"]
[Black "Gronhoj, Benny"]
[Result "0-1"]
[WhiteElo "1864"]
[BlackElo "1963"]
[WhiteFideId "2311550"]
[BlackFideId "1404245"]
[EventDate "2025.04.28"]
[EventType "tourn"]
[EventRounds "7"]
[EventCountry "DEN"]
[SourceTitle "Skorping Skakklub"]

1. d4 Nf6 2. c4 e5 3. Bg5 exd4 4. Qxd4 Nc6 5. Qe3+ Qe7 6. Qxe7+ Bxe7 7. Nc3 a6 8. O-O-O h6 9. Bxf6 Bxf6 10. Nd5 Bd8 11. f4 d6 12. e4 O-O 13. f5 Re8 14. Bd3 Ne5 15. Kc2 Ng4 16. Rd2 c6 17. Nc3 Bb6 18. Nf3 Nf2 19. Rf1 Nxd3 20. Rxd3 Bc7 21. g4 b5 22. Nd2 b4 23. Ne2 Bb7 24. Nf4 Rad8 25. f6 g5 26. Ng6 Re6 27. Ne7+ Kh7 28. Rh3 d5 29. Nf3 Rxf6 30. Nxg5+ Kg7 31. Nf5+ Rxf5 32. Rxf5 hxg5 33. Rxg5+ Kf8 34. cxd5 cxd5 35. e5 d4 36. Kd3 Rd5 37. Rf5 Rxe5 38. Rxe5 Bxe5 39. Kc4 a5 40. Rh5 Ba6+ 41. Kb3 f6 42. Rf5 Be2 43. g5 d3 44. h3 0-1

[Event "Himmerlandsturneringen 2025 Master"]
[Site "Stovring"]
[Date "2025.05.12"]
[Round "4"]
[White "Struijk, Johannes"]
[Black "Andersen, Frank"]
[Result "1-0"]
[WhiteElo "1957"]
[BlackElo "2145"]
[WhiteFideId "1408275"]
[BlackFideId "1403265"]
[EventDate "2025.04.28"]
[EventType "tourn"]
[EventRounds "7"]
[EventCountry "DEN"]
[SourceTitle "Skorping Skakklub"]

1. e4 c5 2. c3 d6 3. d4 Nf6 4. Bc4 e6 5. Qe2 Be7 6. Nf3 O-O 7. O-O Nc6 8. Rd1 cxd4 9. e5 dxe5 10. Nxe5 Nxe5 11. Qxe5 Qb6 12. cxd4 Bd7 13. Nc3 Rac8 14. Bb3 Bc6 15. h3 Rcd8 16. Be3 Nd5 17. Ne4 Kh8 18. Rac1 f5 19. Qxe6 Nxe3 20. fxe3 Bxe4 21. Qxe7 Qg6 22. Rd2 Qg3 23. Re2 Rde8 24. Qc7 f4 25. exf4 Bc6 26. Rce1 Rc8 27. Qe5 h6 28. Qe3 Qxf4 29. Qxf4 Rxf4 30. d5 Bb5 31. Rd2 Rd8 32. Re7 Rd7 33. Rxd7 Bxd7 34. Rf2 Rxf2 35. Kxf2 1-0

[Event "Himmerlandsturneringen 2025 Master"]
[Site "Stovring"]
[Date "2025.05.12"]
[Round "4"]
[White "Christiansen, Jens Jorgen"]
[Black "Mikkelsen, Peter Jorgen Dam"]
[Result "1/2-1/2"]
[WhiteElo "2072"]
[BlackElo "2097"]
[WhiteFideId "1401670"]
[BlackFideId "1439847"]
[EventDate "2025.04.28"]
[EventType "tourn"]
[EventRounds "7"]
[EventCountry "DEN"]
[SourceTitle "Skorping Skakklub"]

1. e4 c5 2. Nf3 g6 3. c3 d5 4. e5 Nc6 5. Bb5 Qb6 6. Bxc6+ bxc6 7. O-O Bg7 8. d4 e6 9. Qc2 c4 10. b3 Ba6 11. Re1 Ne7 12. Ba3 Nf5 13. Nbd2 cxb3 14. axb3 Bf8 15. Bc5 Bxc5 16. dxc5 Qb7 17. b4 O-O 18. Nb3 Rfc8 19. Nbd4 Nxd4 20. Nxd4 Bc4 21. h4 1/2-1/2

[Event "Himmerlandsturneringen 2025 Master"]
[Site "Stovring"]
[Date "2025.05.12"]
[Round "4"]
[White "Jorgensen, Jorgen"]
[Black "Andersen, Aage Kristian"]
[Result "1-0"]
[WhiteElo "2135"]
[BlackElo "1871"]
[WhiteFideId "1402820"]
[BlackFideId "1440799"]
[EventDate "2025.04.28"]
[EventType "tourn"]
[EventRounds "7"]
[EventCountry "DEN"]
[SourceTitle "Skorping Skakklub"]

1. Nf3 d5 2. g3 c5 3. Bg2 Nc6 4. d4 cxd4 5. Nxd4 e6 6. O-O Bc5 7. Nb3 Bb6 8. N1d2 Nge7 9. c4 dxc4 10. Nxc4 O-O 11. Nxb6 Qxb6 12. Be3 Qc7 13. Qc2 Qb8 14. Rfd1 Re8 15. Bc5 Qe5 16. e4 g5 17. Qd2 Ng6 18. Be3 g4 19. Qe2 h5 20. Rac1 Qg7 21. Rc5 Nce5 22. Rc7 Qf6 23. Qd2 Nf3+ 24. Bxf3 Qxf3 25. Qc2 e5 26. Rc1 b6 27. Nd2 Qe2 28. Qc4 Qxc4 29. Nxc4 Be6 30. Nd6 Red8 31. Nb5 a6 32. Nc3 b5 33. a3 Rdc8 34. Nd5 Rd8 35. Nf6+ Kh8 36. Nxh5 Rd6 37. R7c6 Rad8 38. Rxd6 Rxd6 39. Nf6 Rd3 40. Rc6 Kg7 41. Ne8+ Kg8 42. Nc7 Rd1+ 43. Kg2 Bc4 44. f3 gxf3+ 45. Kxf3 Rb1 46. Nd5 Rxb2 47. Bc5 Kg7 48. h4 Be2+ 49. Ke3 Bg4 50. h5 Bxh5 51. Ne7 Rb3+ 52. Kf2 Rb2+ 53. Ke3 Rb3+ 54. Kf2 Rb2+ 55. Kg1 Rb1+ 56. Kg2 Rb2+ 57. Kh3 Nxe7 58. Bxe7 Bf3 59. Bf6+ Kh7 60. Bxe5 Rb1 61. Kh4 Rh1+ 62. Kg5 Bxe4 63. Rxa6 Rf1 64. Rh6+ 1-0

[Event "Himmerlandsturneringen 2025 Master"]
[Site "Stovring"]
[Date "2025.05.19"]
[Round "5"]
[White "Mikkelsen, Peter Jorgen Dam"]
[Black "Gudmarsson, Olafur Hlynur"]
[Result "1-0"]
[WhiteElo "2097"]
[BlackElo "1864"]
[WhiteFideId "1439847"]
[BlackFideId "2311550"]
[EventDate "2025.04.28"]
[EventType "tourn"]
[EventRounds "7"]
[EventCountry "DEN"]
[SourceTitle "Skorping Skakklub"]

1. d4 e6 2. g3 c5 3. Nf3 Nf6 4. Bg2 Nc6 5. O-O d5 6. b3 Ne4 7. Bb2 h5 8. h4 Be7 9. dxc5 Bxc5 10. Nbd2 Nxg3 11. Re1 Nf5 12. e4 Bxf2+ 13. Kf1 Bxe1 14. Qxe1 dxe4 15. Nxe4 Qb6 16. Bh3 Ne3+ 17. Ke2 Nxc2 18. Qc3 Nxa1 19. Qxg7 Rf8 20. Bxa1 Nb4 21. Nf6+ Ke7 22. Qg5 Qa6+ 23. Kf2 Qxa2+ 24. Kg3 Qxa1 25. Qc5+ Kd8 26. Qd6+ 1-0

[Event "Himmerlandsturneringen 2025 Master"]
[Site "Stovring"]
[Date "2025.05.19"]
[Round "5"]
[White "Gronhoj, Benny"]
[Black "Struijk, Johannes"]
[Result "1-0"]
[WhiteElo "1963"]
[BlackElo "1957"]
[WhiteFideId "1404245"]
[BlackFideId "1408275"]
[EventDate "2025.04.28"]
[EventType "tourn"]
[EventRounds "7"]
[EventCountry "DEN"]
[SourceTitle "Skorping Skakklub"]

1. e4 e5 2. Nf3 Nf6 3. Nxe5 d6 4. Nc4 Nxe4 5. d4 d5 6. Ne5 c5 7. Bb5+ Bd7 8. Nxd7 Nxd7 9. O-O a6 10. Bxd7+ Qxd7 11. Re1 O-O-O 12. c4 cxd4 13. cxd5 Nf6 14. Qxd4 Qxd5 15. Qa4 Bd6 16. Nc3 Qh5 17. h3 Rhe8 18. Bf4 Rxe1+ 19. Rxe1 Qf5 20. Bxd6 Rxd6 21. Qc4+ Kb8 22. Re7 Rd7 23. Qxf7 Rxe7 24. Qxe7 Qg5 25. Qd6+ Ka8 26. Qd8+ Ka7 27. Qd4+ Ka8 28. Qe3 Qf5 29. Qe2 Qg5 30. Qd1 h5 31. Na4 Nd5 32. Qxd5 1-0

[Event "Himmerlandsturneringen 2025 Master"]
[Site "Stovring"]
[Date "2025.05.19"]
[Round "5"]
[White "Andersen, Frank"]
[Black "Jorgensen, Jorgen"]
[Result "1-0"]
[WhiteElo "2145"]
[BlackElo "2135"]
[WhiteFideId "1403265"]
[BlackFideId "1402820"]
[EventDate "2025.04.28"]
[EventType "tourn"]
[EventRounds "7"]
[EventCountry "DEN"]
[SourceTitle "Skorping Skakklub"]

1. d4 f5 2. Nf3 Nf6 3. c4 g6 4. Nc3 Bg7 5. Bg5 Ne4 6. h4 Nxc3 7. bxc3 c5 8. e3 Qa5 9. Qd2 d6 10. Be2 Nc6 11. O-O h6 12. Bf4 e5 13. dxe5 dxe5 14. Bh2 e4 15. Qd6 Kf7 16. h5 gxh5 17. Nh4 Bf6 18. Qd5+ Be6 19. Bxh5+ Ke7 20. Ng6+ 1-0

[Event "Himmerlandsturneringen 2025 Master"]
[Site "Stovring"]
[Date "2025.05.19"]
[Round "5"]
[White "Andersen, Aage Kristian"]
[Black "Christiansen, Jens Jorgen"]
[Result "0-1"]
[WhiteElo "1871"]
[BlackElo "2072"]
[WhiteFideId "1440799"]
[BlackFideId "1401670"]
[EventDate "2025.04.28"]
[EventType "tourn"]
[EventRounds "7"]
[EventCountry "DEN"]
[SourceTitle "Skorping Skakklub"]

1. d4 d5 2. c4 c6 3. Nc3 Nf6 4. e3 e6 5. Bd3 Bd6 6. Nf3 Nbd7 7. O-O O-O 8. e4 dxe4 9. Nxe4 Nxe4 10. Bxe4 e5 11. c5 Bc7 12. Be3 Nf6 13. Bc2 e4 14. Ne5 Qe7 15. Bf4 Nd5 16. Bg3 f5 17. f4 Ne3 18. Bb3+ Be6 19. Qh5 Bxb3 20. Bh4 Bf7 21. Bxe7 Bxh5 22. Bxf8 Nxf1 23. Bxg7 Nxh2 0-1

[Event "Himmerlandsturneringen 2025 Master"]
[Site "Stovring"]
[Date "2025.05.21"]
[Round "6"]
[White "Gudmarsson, Olafur Hlynur"]
[Black "Andersen, Aage Kristian"]
[Result "1-0"]
[WhiteElo "1864"]
[BlackElo "1871"]
[WhiteFideId "2311550"]
[BlackFideId "1440799"]
[EventDate "2025.04.28"]
[EventType "tourn"]
[EventRounds "7"]
[EventCountry "DEN"]
[SourceTitle "Skorping Skakklub"]

1. d4 d5 2. Bf4 e6 3. Nf3 Nf6 4. e3 c5 5. c3 Nc6 6. Bd3 Be7 7. Nbd2 O-O 8. Ne5 cxd4 9. exd4 Bd6 10. Ndf3 Ne4 11. O-O f6 12. Nxc6 bxc6 13. Bxd6 Nxd6 14. Re1 Qc7 15. Qc2 g6 16. b4 Qg7 17. g3 Bd7 18. a4 Rae8 19. b5 e5 20. bxc6 Bxc6 21. Nd2 e4 22. Bb5 Bxb5 23. axb5 Nxb5 24. Qb3 Qd7 25. Nxe4 Kh8 26. Nc5 Qc6 27. Rxe8 Qxe8 28. Kf1 Rf7 29. Re1 Qc8 30. Qxb5 Qh3+ 31. Kg1 1-0

[Event "Himmerlandsturneringen 2025 Master"]
[Site "Stovring"]
[Date "2025.05.21"]
[Round "6"]
[White "Struijk, Johannes"]
[Black "Mikkelsen, Peter Jorgen Dam"]
[Result "1/2-1/2"]
[WhiteElo "1957"]
[BlackElo "2097"]
[WhiteFideId "1408275"]
[BlackFideId "1439847"]
[EventDate "2025.04.28"]
[EventType "tourn"]
[EventRounds "7"]
[EventCountry "DEN"]
[SourceTitle "Skorping Skakklub"]

1. e4 c6 2. c4 e5 3. d4 Bb4+ 4. Bd2 Qa5 5. d5 Nf6 6. Nc3 Qc7 7. Bd3 d6 8. Nge2 O-O 9. a3 Bc5 10. b4 Bb6 11. O-O Bg4 12. Kh1 Qe7 13. Bg5 h6 14. Bh4 g5 15. Bg3 Nbd7 16. f3 Bh5 17. Bf2 Bg6 18. Ng3 Bxf2 19. Rxf2 cxd5 20. cxd5 Rac8 21. Rc1 Nb6 22. Rfc2 a6 23. a4 Qd7 24. a5 Nc4 25. Qe2 Na3 26. Ra2 Nb5 27. Bxb5 axb5 28. Rac2 Rc4 29. Na2 Rxc2 30. Qxc2 Nxd5 31. Nh5 Qe7 32. Ng3 Ne3 33. Qc7 Qe6 34. Nc3 Rc8 35. Qb6 Nc4 36. Qxb5 Nd2 37. Qd3 Nb3 38. Rd1 Qc4 39. Qxc4 Rxc4 40. Nd5 Nd4 41. Kg1 Kf8 42. Rb1 Nb5 43. Ne3 Rc6 44. Ne2 h5 45. Kf2 g4 46. h3 gxf3 47. gxf3 Ke7 48. h4 Ke6 49. Rg1 Nc7 50. Rb1 Nb5 51. Rg1 Nc7 52. Rb1 Nb5 53. Rg1 1/2-1/2

[Event "Himmerlandsturneringen 2025 Master"]
[Site "Stovring"]
[Date "2025.05.21"]
[Round "6"]
[White "Andersen, Frank"]
[Black "Gronhoj, Benny"]
[Result "1-0"]
[WhiteElo "2145"]
[BlackElo "1963"]
[WhiteFideId "1403265"]
[BlackFideId "1404245"]
[EventDate "2025.04.28"]
[EventType "tourn"]
[EventRounds "7"]
[EventCountry "DEN"]
[SourceTitle "Skorping Skakklub"]

1. d4 Nf6 2. c4 e5 3. dxe5 Ng4 4. e4 Nxe5 5. f4 Nec6 6. Nc3 Bb4 7. Nge2 d6 8. a3 Ba5 9. b4 Bb6 10. Nd5 Ne7 11. Nxb6 axb6 12. Bb2 O-O 13. Qd4 f6 14. O-O-O Nbc6 15. Qc3 Be6 16. g4 Bxg4 17. Rg1 Bxe2 18. Bxe2 Ng6 19. Rg4 Qe8 20. Qf3 Rf7 21. Rdg1 Re7 22. Bd3 Qd7 23. h4 Kf8 24. h5 Nxf4 25. Rxf4 Ne5 26. Qg3 b5 27. Rxf6+ Ke8 28. Bxe5 dxe5 29. Rgf1 Qd4 30. Rf8+ Kd7 31. Qh3+ Kc6 32. R8f6+ gxf6 33. Rxf6+ Qd6 34. cxb5+ Kb6 35. Qe3+ 1-0

[Event "Himmerlandsturneringen 2025 Master"]
[Site "Stovring"]
[Date "2025.05.21"]
[Round "6"]
[White "Jorgensen, Jorgen"]
[Black "Christiansen, Jens Jorgen"]
[Result "1/2-1/2"]
[WhiteElo "2135"]
[BlackElo "2072"]
[WhiteFideId "1402820"]
[BlackFideId "1401670"]
[EventDate "2025.04.28"]
[EventType "tourn"]
[EventRounds "7"]
[EventCountry "DEN"]
[SourceTitle "Skorping Skakklub"]

1. Nf3 d5 2. d4 c6 3. g3 Nf6 4. Bg2 Bg4 5. c4 e6 6. Nc3 Nbd7 7. Qb3 Qb6 8. c5 Qxb3 9. axb3 Bxf3 10. Bxf3 e5 11. e3 g6 12. b4 Bg7 13. b5 O-O 14. bxc6 bxc6 15. O-O a5 16. Rd1 Rfe8 17. Bg2 exd4 18. exd4 Ne4 19. Na4 f5 20. f3 Nef6 21. Bf4 Nh5 22. Bd6 Bf8 23. Bxf8 Kxf8 24. Kf2 Nhf6 25. Rd2 g5 26. Rc2 Rab8 27. Nc3 Rb4 1/2-1/2

[Event "Himmerlandsturneringen 2025 Master"]
[Site "Stovring"]
[Date "2025.05.26"]
[Round "7"]
[White "Christiansen, Jens Jorgen"]
[Black "Gudmarsson, Olafur Hlynur"]
[Result "1-0"]
[WhiteElo "2072"]
[BlackElo "1864"]
[WhiteFideId "1401670"]
[BlackFideId "2311550"]
[EventDate "2025.04.28"]
[EventType "tourn"]
[EventRounds "7"]
[EventCountry "DEN"]
[SourceTitle "Skorping Skakklub"]

1. d4 e6 2. g3 c5 3. Nf3 Nf6 4. Bg2 Nc6 5. c4 cxd4 6. Nxd4 Ne5 7. b3 Bb4+ 8. Bd2 Bxd2+ 9. Qxd2 O-O 10. Nc3 d5 11. cxd5 exd5 12. O-O Be6 13. Rac1 Rc8 14. Ncb5 Qb6 15. Nxe6 Rxc1 16. Rxc1 fxe6 17. Qd4 Qxb5 18. Qxe5 Qa6 19. Bh3 Kh8 20. Qxe6 Qxa2 21. Rc8 Qa1+ 22. Kg2 Qa3 23. Rxf8+ Qxf8 24. Qc8 Qe8 25. Kf3 a5 26. Qxe8+ Nxe8 27. Ke3 b5 28. Bd7 Nd6 29. f3 a4 30. bxa4 b4 31. Kd4 g6 32. a5 b3 33. Kc3 b2 34. Kxb2 Nc4+ 35. Kc3 Nxa5 36. Kd4 Nc4 37. Bh3 Nb6 38. Be6 Nc4 39. Bxd5 Nd2 40. Ke3 Nf1+ 41. Kf2 Nd2 42. h4 Kg7 43. e4 Kf6 44. f4 h6 45. g4 g5 46. e5+ Kg6 47. f5+ Kg7 48. f6+ Kf8 49. e6 1-0

[Event "Himmerlandsturneringen 2025 Master"]
[Site "Stovring"]
[Date "2025.05.26"]
[Round "7"]
[White "Andersen, Aage Kristian"]
[Black "Struijk, Johannes"]
[Result "1/2-1/2"]
[WhiteElo "1871"]
[BlackElo "1957"]
[WhiteFideId "1440799"]
[BlackFideId "1408275"]
[EventDate "2025.04.28"]
[EventType "tourn"]
[EventRounds "7"]
[EventCountry "DEN"]
[SourceTitle "Skorping Skakklub"]

1. d4 c5 2. d5 Nf6 3. c4 e6 4. Nc3 exd5 5. Nxd5 Nxd5 6. cxd5 d6 7. e4 Be7 8. Bb5+ Nd7 9. Nf3 a6 10. Be2 Nf6 11. Qc2 b5 12. a4 b4 13. b3 O-O 14. Nd2 a5 15. O-O Nd7 16. Bb2 Bf6 17. Nc4 Bxb2 18. Qxb2 Nf6 19. f3 Ba6 20. Rfd1 Bxc4 21. Bxc4 Nd7 22. f4 f6 23. Re1 Re8 24. Re2 Re7 25. Rae1 Nb6 26. Qc2 Nxc4 27. Qxc4 1/2-1/2